USA Atlantic Ocean States - Statistics

General Stats
  • This quiz has been taken 375 times
  • The average score is 13 of 14
Answer Stats
State % Correct
Florida
97%
Maine
96%
New York
96%
North Carolina
96%
Maryland
95%
South Carolina
95%
Georgia
93%
New Jersey
93%
Rhode Island
93%
Virginia
93%
Connecticut
89%
Delaware
89%
New Hampshire
88%
Massachusetts
86%
No matching quizzes found
Score Distribution
Percent of People with Each Score
Percentile by Number Answered
Your Score History
You have not taken this quiz